000 00466cam a2200205 4500
001 D1612
008 090401t1974 xxu||||| |||| 00| 0 eng d
035 _a(Sirsi) u64911
041 _aeng
050 _a711.14
100 _aBoynton, John K
245 _aCompulsory purchase and compensation
250 _a3rd
260 _aLondon
_bOyez
_c1974
300 _a280p
350 _a3.5
490 _aOyez Practice Notes
_v53
942 _n0
948 _c04/03/1997
999 _c94715
_d94715